Quantity surveyor: journal of the nigerian institute of quantity surveyors (Record no. 38624)

MARC details
000 -LEADER
fixed length control field 00506nam a2200169Ia 4500
022 ## - INTERNATIONAL STANDARD SERIAL NUMBER
ISSN 116915X
050 ## - CALL MARK
Classification number TH 435 .Q384/
245 #0 - TITLE STATEMENT
Title Quantity surveyor: journal of the nigerian institute of quantity surveyors
260 ## - PUBLICATION, DISTRIBUTION, ETC. (IMPRINT)
Place of publication Lagos State.
260 ## - PUBLICATION, DISTRIBUTION, ETC. (IMPRINT)
Name of publisher Department of English and Literary Studies
260 ## - PUBLICATION, DISTRIBUTION, ETC. (IMPRINT)
Year of publication 2015
300 ## - PHYSICAL DESCRIPTION
Number of Pages 38 p. : ill. ; 30 cm.
650 ## - SUBJECT ADDED ENTRY--TOPICAL TERM
Topical Term Quantity surveying--Nigeria--Periodicals.
942 ## - ADDED ENTRY ELEMENTS (KOHA)
Koha item type Serials

No items available.